00313nam a2200121Ia 4500008004100000082001500041100001700056245004900073250000800122260003700130300000800167650001600175191201s2005 xx 000 0 und d a629.3bLEF aLEE, Kwang H 0aFirst Course on Fuzzy Theory and Application a1st aN.DelhibSpringer, Newyorkc2005 a335 aB.Tech(CSE)